ಎಲೆಕ್ಟ್ರಾನಿಕ್ಸ್ ಗುರು (Record no. 11652)
[ view plain ]
| 000 -LEADER | |
|---|---|
| fixed length control field | 00562nam a22001457a 4500 |
| 005 - DATE AND TIME OF LATEST TRANSACTION | |
| control field | 20230616181232.0 |
| 008 - FIXED-LENGTH DATA ELEMENTS--GENERAL INFORMATION | |
| fixed length control field | 230425b xxu||||| |||| 00| 0 eng d |
| 082 ## - DEWEY DECIMAL CLASSIFICATION NUMBER | |
| Classification number | 621.381 |
| Item number | GAN |
| 100 ## - MAIN ENTRY--PERSONAL NAME | |
| Personal name | K Ganesh |
| 245 ## - TITLE STATEMENT | |
| Title | ಎಲೆಕ್ಟ್ರಾನಿಕ್ಸ್ ಗುರು |
| Remainder of title | Electronics Guru |
| Statement of responsibility, etc. | Ganesh K |
| 260 ## - PUBLICATION, DISTRIBUTION, ETC. | |
| Place of publication, distribution, etc. | Belagavi |
| Name of publisher, distributor, etc. | Prasaranga, Visveswaraya Technological University ( VTU ) |
| Date of publication, distribution, etc. | 2021 |
| 300 ## - PHYSICAL DESCRIPTION | |
| Extent | 40p. |
| 440 ## - SERIES STATEMENT/ADDED ENTRY--TITLE | |
| Title | Janpriya Taantrika Shikshana Maale (ಜನಪ್ರಿಯ ತಾಂತ್ರಿಕ ಶಿಕ್ಷಣ ಮಾಲೆ) |
| 650 ## - SUBJECT ADDED ENTRY--TOPICAL TERM | |
| Topical term or geographic name entry element | General |
| Withdrawn status | Lost status | Source of classification or shelving scheme | Damaged status | Not for loan | Permanent Location | Current Location | Date acquired | Source of acquisition | Cost, normal purchase price | Full call number | Barcode | Date last seen | Cost, replacement price | Price effective from | Koha item type |
|---|---|---|---|---|---|---|---|---|---|---|---|---|---|---|---|
| BMS College of Architecture, Design and Planning | BMS College of Architecture, Design and Planning | 2023-06-19 | 15 | 30.92 | 621.381 GAN | AR-UG3196 | 2023-06-19 | 30.92 | 2023-06-19 | UG Books | |||||
| BMS College of Architecture, Design and Planning | BMS College of Architecture, Design and Planning | 2023-06-19 | 15 | 30.92 | 621.381 GAN | AR-UG3197 | 2023-06-19 | 30.92 | 2023-06-19 | UG Books | |||||
| BMS College of Architecture, Design and Planning | BMS College of Architecture, Design and Planning | 2023-06-19 | 15 | 30.92 | 621.381 GAN | AR-UG3198 | 2023-06-19 | 30.92 | 2023-06-19 | UG Books | |||||
| BMS College of Architecture, Design and Planning | BMS College of Architecture, Design and Planning | 2023-06-19 | 15 | 30.92 | 621.381 GAN | AR-UG3199 | 2023-06-19 | 30.92 | 2023-06-19 | UG Books |